00534nam a2200157Ia 4500008004100000020001800041041000800059082001600067245005900083250000600142260003900148300001600187650001800203999001900221952013600240210716s2010 xx 000 0 und d a9788131733141 aeng a153.94 DATA aData interpretation and logical reasoning for the CAT. a1 aNew DelhibPearson Educationc2010 axxii,1.259, aAptitude Test c193190d193190 001040708MCAaAIMITbAIMITeHigginbothams Pvt Ltdg499.00l0o153.94 DATApMCA12698r2026-05-23 00:00:00v374.25w2021-07-16yBK